Т. 1 : Пленарное заседание и секция управления развитием больших систем энергетики; Иерархия в больших системах энергетики

Dettagli Bibliografici
Parent link:Иерархия в больших системах энергетики: материалы симпозиума/ Академия наук СССР, Сибирское отделение, Сибирский энергетический институт им. Л. А. Мелентьева. Т. 1 : Пленарное заседание и секция управления развитием больших систем энергетики.— : [Б. и.], 1978
Lingua:russo
Pubblicazione: 1978
Soggetti:
Natura: MixedMaterials Libro
KOHA link:https://koha.lib.tpu.ru/cgi-bin/koha/opac-detail.pl?biblionumber=371438

MARC

LEADER 00000nam2a2200000 4500
001 371438
005 20231102012358.0
035 |a (RuTPU)RU\TPU\retro\28848 
090 |a 371438 
100 |a 20221019d1978 k y0rusy50 ca 
101 0 |a rus 
102 |a RU 
105 |a a z 101zy 
200 0 |a Т. 1 : Пленарное заседание и секция управления развитием больших систем энергетики 
210 |d 1978 
215 |a 278 с.  |c ил. 
320 |a Библиография в конце докладов 
461 1 |0 (RuTPU)RU\TPU\retro\28847  |t Иерархия в больших системах энергетики  |o материалы симпозиума  |o в 2 т.  |f Академия наук СССР, Сибирское отделение, Сибирский энергетический институт им. Л. А. Мелентьева  |v Т. 1 : Пленарное заседание и секция управления развитием больших систем энергетики  |n [Б. и.]  |d 1978 
606 1 |a Энергетика  |2 stltpush  |3 (RuTPU)RU\TPU\subj\21200  |9 46224 
606 1 |a Энергетические системы  |2 stltpush  |3 (RuTPU)RU\TPU\subj\21249  |9 46268 
610 1 |a большие системы 
610 1 |a иерархия 
610 1 |a управление 
610 1 |a симпозиумы 
675 |a 620.9(063)  |v 4 
675 |a 621.311(063)  |v 4 
801 1 |a RU  |b 63413507  |c 20221019 
942 |c BK